000 00901nam a22003017a 4500
001 BR8201373
003 BR-BrBNA
005 20230928091245.0
007 ta
008 230509b bl.||||| |||| 00| 0 por d
040 _aBR-BrBNA
_bpor
_cBiblioteca Nacional de Agricultura
041 _a(Por)
072 _aE10; E30; E70
_b/G514
090 _ E10 BR8201373
100 1 _aFigueiredo, J.
110 1 _aCongresso Nacional, Brasilia, DF (Brasil)
_92575
245 1 _aMensagem ao Congresso Nacional [Politica economica; Politica agricola; Politica comercial; Brasil]
260 3 _aBrasilia, DF (Brasil):
_c1982.
300 _a285 p.
500 _a65 tables
650 _aPOLITICA DE DESENVOLVIMENTO
650 _aPOLITICA AGRICOLA
650 _aPOLITICA ECONOMICA
650 _aPOLITICA INDUSTRIAL
650 _aPOLITICA COMERCIAL
909 _a202309
_bLucia
_c55
_dLucia Elande
942 _cBK
999 _c33071
_d33071